Diseño de la transmisión hidrostatica para una barredora

Zapisane w:
Opis bibliograficzny
1. autor: Chi Ayi, Roxana
Format: Książka
Wydane: San José, Costa Rica 1990
Hasła przedmiotowe:
Etykiety: Dodaj etykietę
Nie ma etykietki, Dołącz pierwszą etykiete!

MARC

LEADER 00000nam a2200000Ia 4500
003 006014
005 20221231144317.0
008 140114s1990 cr a m 000 ||s d
040 |c cru CEDI 
090 |a TFG 2717 
100 |a Chi Ayi, Roxana  |9 12139 
245 |a Diseño de la transmisión hidrostatica para una barredora  
260 |c 1990  |a San José, Costa Rica 
300 |a viii, 90 páginas : ilustraciones ; 28 cm.  
500 |a Practica dirigida (licenciatura en ingenieria mecánica)--Universidad de Costa Rica. Facultad de Ingeniería. Escuela de Ingenieria Mecánica 
650 |x MAQUINAS OLEOHIDRAULICAS  |9 12140 
942 |c TFG 
999 |c 19960  |d 19960